Normale Ansicht MARC-Ansicht ISBD

Oldtimer zum Elektro-Auto umgebaut. (Titelsatznr. 370959)

[ MARC ]
MARC-Details
000 -Satzkennung
Kontrollfeld mit fester Länge 00703nam a22001577a 4500
008 - Feld mit fester Länge zur physischen Beschreibung - Allgemeine Angaben
Kontrollfeld mit fester Länge 201130b ||||| |||| 00| 0 eng d
040 ## - Katalogisierungsquelle
Katalogisierungssprache ger
Übertragungsstelle STAFF
Beschreibungsfestlegungen rda
Original-Katalogisierungsstelle STAFF
100 ## - Person oder Familie als 1. geistiger Schöpfer
Personenname Groneberg, Frank:
245 ## - Titel
Haupttitel Oldtimer zum Elektro-Auto umgebaut.
Titelzusatz Automobil: Ralf Uhlig hat seinen VW Käfer mit einem elektrischen Antrieb ausgestattet. Täglich ist er damit zwischen Eisenhüttenstadt und Frankfurt unterwegs./
Verantwortlichkeitsangabe Frank Groneberg
653 ## - Lokales Schlagwort
Nicht-normierter Term Frankfurt (Oder)
773 ## - Übergeordnete Einheit
Ort, Verlag und Erscheinungsjahr Frankfurt (Oder): Märkisches Verlags- und Druckhaus GmbH & Co KG
Verknüpfungsangaben 32. Jahrgang (2020) Nr. 239 vom 13.10.2021, S. 17
Titel Märkische Oderzeitung
942 ## - Zusätzliche Felder (Koha)
Koha-Medientyp Aufsätze
Exemplare
Ausgeschieden Verloren Beschädigt Nicht entleihbar Permanenter Standort Aktueller Standort Aufstellungsort Eingabedatum Anzahl Ausleihen Signatur Letzte Aktivität Preis gültig von Medientyp
        Stadtarchiv Frankfurt (Oder) | Archivbibliothek Stadtarchiv Frankfurt (Oder) | Archivbibliothek Magazin 13/10/2021   Z2 13/10/2021 13/10/2021 Aufsätze